00911nam a2200253 a 450000100100000000500170001000800410002702000150006804000250008308200230010810000400013124500590017125000110023026000410024130000260028249000600030850000730036865000390044165000400048065000420052083000690056204900090063199900170064000002330720200930022128.0101201s1988 sp r 000 p spa d a8424901126 aDO-SdBNPbspacBNPHU a861.6bA454p, 19881 aAlonso, Dámaso,d1898-1990.9876910aPoetas españoles contemporáneo /cDámaso Alonso. a3a ed. aMadrid, (España) :bGredos,c1988. a421, [1] p. ;c20 cm.1 aBiblioteca románica hispánicaaestudio y ensayosv6 aIncluye referencias bibliográficas y notas al pie de las páginas 4aAutores españolesySIGLO XX9633 4aPoesía españolaySIGLO XX99197 4aLiteratura españolaySIGLO XX93326 0aBiblioteca románica hispánica ;pestudio y ensayosv6947996 aBNGR c22804d22804